| 000 | 00435 a2200157 4500 | ||
|---|---|---|---|
| 020 | _a9780471739319 | ||
| 020 | _a9780471739319 | ||
| 020 | _a9780471739319 | ||
| 020 | _a9780471739319 | ||
| 082 | _a620.104 MER | ||
| 100 | _aMeriam, J. L. | ||
| 245 |
_aEngineering mechanics: Dynamics [vol. 2] _cJ.L. Meriam, L.G. Kraige. |
||
| 250 | _a6th ed. | ||
| 260 |
_aHoboken, NJ : _bWiley, _c2007 |
||
| 300 |
_axxi, 720p. : _bcol. ill. ; _c27 cm. _eCD |
||
| 650 | _adynamics | ||
| 999 |
_c240 _d240 |
||